In-situ testing for geotechnical investigations : proceedings of an extension course on in-situ testing for geotechnical investigations, Sydney, May-June 1983 /

Saved in:
Bibliographic Details
Corporate Author: Extension Course on In-Situ Testing for Geotechnical Investigations Sydney, N.S.W.
Other Authors: Ervin, M. C.
Format: Conference Proceeding Book
Language:English
Published: Rotterdam, Netherlands : A.A. Balkema, 1983.
Subjects:
LEADER 01303cam a2200301 a 4500
001 c000290854
003 CARM
005 20090225145657.0
008 841101s1983 ne a b 000 0 eng d
019 1 |a 2993790  |z 47318526  |5 LACONCORD2021 
020 |a 9061915066 
035 |a (OCoLC)10770186  |5 LACONCORD2021 
040 |a NU  |b eng  |c NU  |d VCAV  |d ABN-SNR 
050 1 4 |a TA710.5  |b .I53 1983 
082 1 4 |a 624.151/3  |2 19 
111 2 |a Extension Course on In-Situ Testing for Geotechnical Investigations  |d (1983 :  |c Sydney, N.S.W.) 
245 1 0 |a In-situ testing for geotechnical investigations :  |b proceedings of an extension course on in-situ testing for geotechnical investigations, Sydney, May-June 1983 /  |c edited by M.C. Ervin. 
260 |a Rotterdam, Netherlands :  |b A.A. Balkema,  |c 1983. 
300 |a vii, 131 p. :  |b ill. ;  |c 26 cm. 
504 |a Includes bibliographies. 
650 0 |a Soils  |x Testing  |v Congresses. 
650 0 |a Engineering geology  |x Mathematics. 
650 0 |a Rock mechanics. 
650 0 |a Soil surveys  |x Geophysical methods. 
700 1 |a Ervin, M. C. 
852 8 |b CARM  |h A3:AB07G0  |i C11740  |p 0524523  |f BK 
999 f f |i bffb7836-ce97-5e66-88ba-30be8df435fa  |s 794928a2-e1d8-5c47-b70d-e5b82dfab86a 
952 f f |p Can circulate  |a CAVAL  |b CAVAL  |c CAVAL  |d CARM 1 Store  |e C11740  |f A3:AB07G0  |h Other scheme  |i book  |m 0524523